| 000 | 00464nam a2200193Ia 4500 | ||
|---|---|---|---|
| 005 | 20240823060851.0 | ||
| 008 | 240823s9999||||xx |||||||||||||| ||und|| | ||
| 041 | _aENGLISH | ||
| 082 | _A621.319 Q0 | ||
| 100 | _aSivanagaraju S | ||
| 245 | 0 | _aPower system operation and control | |
| 250 | _a1st | ||
| 260 |
_c2010 _bPearson Educ |
||
| 500 | _aTRANSFERED | ||
| 650 |
_aPower System _bElectrical |
||
| 700 | _aSreenivasan G | ||
| 942 | _cBK | ||
| 999 |
_c232160 _d232160 |
||